Soccer Logos By Letter - N - Statistics

General Stats
  • This quiz has been taken 1,065 times
    286 since last reset
  • The average score is 13 of 17
Answer Stats
Picture Answer % Correct
Napoli
97%
Newcastle United
97%
Nottingham Forest
97%
Netherlands
96%
Norway
95%
New York City
94%
Nantes
93%
Norwich City
92%
Nice
91%
New York Red Bulls
83%
New Zealand
81%
Nürnberg
65%
Nashville SC
56%
Nigeria
53%
New England Revolution
44%
Nacional
41%
Nancy
39%
No matching quizzes found
Score Distribution
Percent of People with Each Score
Percentile by Number Answered
Your Score History
You have not taken this quiz since the last reset